| 000 | 01054cam a22003374a 4500 | ||
|---|---|---|---|
| 001 | 4683 | ||
| 003 | FISKH | ||
| 005 | 20250122091449.0 | ||
| 008 | 041006s2005 caua j 000 0 eng | ||
| 010 | _a 2004023621 | ||
| 020 | _a1587172615 | ||
| 020 | _a9780439802017 | ||
| 020 | _a9781587172618 | ||
| 040 |
_aDLC _cDLC _dIG# _dBAKER _dXY4 _dVP@ _dDLC _beng |
||
| 050 | _aQL737.C5 | ||
| 082 | _a599.4 | ||
| 100 | 1 | _aSimon, Seymour. | |
| 245 | 1 | 0 |
_aAmazing bats / _cSeymour Simon. |
| 260 |
_aNew York : _bScholastic, _c2005 |
||
| 300 |
_a30 unnumbered pages : _bcolor illustrations ; _c23 cm |
||
| 490 | 1 | _aSeeMore readers | |
| 505 | _aN | ||
| 520 | _aSimple text and color photos introduce several different kinds of bats, covering the places they live, things they eat, and how they are beneficial to humans. | ||
| 521 | 8 |
_a590
_bLexile |
|
| 521 | 8 |
_aN
_bRaz-Plus |
|
| 650 | 0 |
_aBats _vJuvenile literature. |
|
| 650 | 1 | _aBats. | |
| 906 |
_a7 _bcbc _corignew _d1 _eecip _f20 _gy-gencatlg |
||
| 942 |
_2ddc _cBK _n0 |
||
| 999 |
_c4683 _d4683 |
||